000 00370nam a2200133Ia 4500
008 220217s9999||||xx |||||||||||||| ||und||
020 _a81-224-1346-3
082 _a621.381 KUM
100 _aKumar, Virendra
245 0 _aDigital electrinics: theroy and experiments
260 _aNew age international
_bNew Delhi
_c2002
300 _b160
650 _aELECTRONICS
999 _c169030
_d169030